000 00487nam a2200193Ia 4500
003 GCL
008 140319s9999 xx 000 0 eng d
040 _aGCL /
_cGCL
082 0 4 _a759
_bW L
100 1 _aWASSERMAN,JACK
245 1 0 _aLEONARDO DA VINCI LEONARDO /
_cWASSERMAN,JACK
260 _a[S.N] :
_bTHAMES AND HUDSON ،
_c1992
300 _a128
650 0 4 _aPAINTING
650 0 4 _aPAINTERS
650 0 4 _aSCULPTOR
650 0 4 _aLEONARDO, LEONARDO DA VINCI
942 _2ddc
_cBK
999 _c23941
_d23941